Countries Closest to Vietnam A-Z - Statistics

General Stats
  • This quiz has been taken 165 times
  • The average score is 18 of 24
Answer Stats
Country % Correct
C Cambodia / China
99%
L Laos
95%
M Malaysia
92%
I Indonesia
91%
J Japan
89%
T Thailand
88%
Y Yemen
87%
O Oman
86%
Z Zambia
83%
B Brunei
82%
Q Qatar
82%
S Singapore
82%
P Philippines
77%
E East Timor
72%
R Russia
70%
N Nepal
69%
V Vanuatu
69%
U Uzbekistan
67%
A Afghanistan
61%
F FS Micronesia
60%
K Kyrgyzstan
60%
H Hungary
55%
D Djibouti
48%
G Georgia
48%
No matching quizzes found
Score Distribution
Percent of People with Each Score
Percentile by Number Answered
Your Score History
You have not taken this quiz